Statistics for TV Shows from the 2010's

Click here to take the quiz!

General Stats

  • This quiz has been taken 185 times
    (69 since last reset)
  • The average score is 9 of 23

Answer Stats

Release Hint Answer % Correct
2011Winter is comingGame of Thrones
83%
2014Fast as lightning SuperheroThe Flash
74%
2010Detective helps to solve crimes in modern-day London with his flatmateSherlock
72%
2011Seasons: Murder House, Asylum, Coven, Freak Show, Hotel, Roanoke, Cult, ApocalypseAmerican Horror Story
63%
2010Deputy awakens from coma to find himself in a post-apocalyptic worldThe Walking Dead
62%
2013Set in minimum-security women's federal prison FCI DanburyOrange is the New Black
62%
2017The Big Bang Theory spin-off, focusing on the childhood of a main characterYoung Sheldon
60%
2016Set in the fictional rural town of Hawkins, Indiana, during the early 1980sStranger Things
51%
2013Inspired by Norsemen of early medieval ScandinaviaVikings
49%
2015Breaking Bad spin-off / prequel about a lawyerBetter Call Saul
43%
2010Chronicle of the lives of the Crawley family and their servantsDownton Abbey
37%
2011Standalone episodes examine modern society, particularly with regard to the unanticipated consequences of new technologiesBlack Mirror
34%
2010Set in Atlantic City during the Prohibition period of the 1920s and '30sBoardwalk Empire
32%
2014Inspired by 1996 film of the same name set in a city in North DakotaFargo
32%
2016Fictional technologically advanced theme-park populated by androidsWestworld
26%
2015Prequel to #1, set in Los AngelesFear the Walking Dead
22%
2013Forensic psychiatrist helps the FBI while being a murderer himselfHannibal
15%
2013Based on a Stephen King novelUnder the Dome
15%
2013Woman assumes strangers identity after witnessing her suicideOrphan Black
12%
2019Follows four vampires who have been housemates for hundreds of yearsWhat We Do in the Shadows
9%
2016In the year 2033, a crew of six astronauts are the first people to set foot on a planet of our solar systemMars
5%
2015Avocados at lawMarvel's Daredevil
2%
2018Two Royal Navy explorer ships get stuck in the Arctic while seeking the Northwest PassageThe Terror
2%

Score Distribution

Percentile by Number Answered

Percent of People with Each Score

Your Score History

You have not taken this quiz since the last reset